00413nam a2200133Ia 45000010005000000080041000050200022000460820028000681000084000962450029001802600027002099010028002369990015002642698241024s9999 xx 000 0 und d a978-9945-8856-2-0 aRD/370.97293/R426e/FIES aRepública Dominicana. Ministerio de Economía , Planificación y Desarrollo 0aEducación y Desarrollo bEd. Alfa y Omegac2012 a27/12/2012 3:52:33 p.m. c9082d9082